Vplyv parametrov a materiálov na mechanické vlastnosti dielov vyrobených aditívnou technológiou FFF/FDM

Saved in:
Bibliographic Details
Main Author: Molnár, Viktor (Author)
Other Authors: Buranský, Ivan (Thesis advisor)
Format: Manuscript Book
Language:Slovak
Published: 2023
Subjects:
Online Access:http://is.stuba.sk/zp/portal_zp.pl?podrobnosti=171081
Tags: Add Tag
No Tags, Be the first to tag this record!

MARC

LEADER 00000ntm a22000003a 4500
001 stuzp94042
003 SK-STU
005 20230909220909.8
007 ta
008 150427s2015----xo-----f-mn---000-0-slo-d
040 |a STU  |b slo 
041 0 |a slo 
100 1 |a Molnár, Viktor  |u 063000  |4 aut  |U MTF Materiálovotechnologická fakulta  |T MTF Ústav výrobných technológií  |X 97136  |U M3000  |Y 83  |7 97136 
242 0 1 |a The influence of parameters and materials on the mechanical properties of parts produced by FFF/FDM additive technology  |y eng 
245 1 0 |a Vplyv parametrov a materiálov na mechanické vlastnosti dielov vyrobených aditívnou technológiou FFF/FDM 
260 |c 2023 
650 4 |a aditívna výroba  |2 slo 
650 4 |a FDM  |2 slo 
650 4 |a parametre 3D tlače  |2 slo 
650 4 |a additive manufacturing  |2 eng 
650 4 |a FDM  |2 eng 
650 4 |a 3D printing parameters  |2 eng 
700 1 |a Buranský, Ivan  |u 063000  |k Z1  |4 ths  |U MTF Materiálovotechnologická fakulta  |T MTF Ústav výrobných technológií  |X 4587  |U M3000  |Y 83  |7 A000004587 
856 4 |u http://is.stuba.sk/zp/portal_zp.pl?podrobnosti=171081 
996 |c M* DP-15197  |l MMSKP  |s P  |a 0  |w stuzp94042_0001